000 00613nam a2200217Ia 4500
003 GCL
008 140319s9999 xx 000 0 ara d
020 _a3095172977
040 _aGCL /
_cGCL
082 0 4 _a214.27
_bن أ
100 1 _aنظمى لوقا
245 1 0 _aانا والاسلام /
_cنظمى لوقا
250 _aالاولى
260 _aالقاهرة :
_bمكتبة غريب
300 _a177 ص ؛
_c24 سم
650 0 4 _aالاسلام
650 0 4 _aالاسلام والمسيحية
650 0 4 _aالاسلام - دفع مطاعن
650 0 4 _aاهل الذمة
942 _2ddc
_cBK
999 _c5042
_d5042